[Event "14th Chicago Open"]
[Site "Wheeling USA"]
[Date "2010.05.27"]
[Round "1"]
[White "Finegold,B"]
[Black "Holroyd,Kenneth"]
[Result "1-0"]
[WhiteElo "2539"]
[BlackElo "2149"]
[EventDate "2010.05.27"]

1. d4 e6 2. Nf3 Nf6 3. Bg5 c5 4. e3 h6 5. Bh4 Qb6 6. Bxf6 gxf6 7. Qc1 Nc6
8. c3 d5 9. Nbd2 cxd4 10. exd4 e5 11. Be2 Rg8 12. O-O e4 13. Ne1 Bd6 14.
Nb3 Qc7 15. Qxh6 Be6 16. f4 Ke7 17. Qh4 Rh8 18. Qf2 Rh7 19. Nc2 Rah8 20. g3
Rxh2 21. Qxh2 Rxh2 22. Kxh2 Qc8 23. Rh1 Bg4 24. Rae1 Bxe2 25. Rxe2 Bxf4 26.
gxf4 Qg4 27. Rf2 Qh4+ 28. Kg2 Qg4+ 29. Kf1 Qd1+ 30. Kg2 Qg4+ 31. Kf1 Qd1+
32. Ne1 a5 33. Re2 a4 34. Nd2 Ke6 35. Kf2 Qc1 36. Rg1 Nxd4 37. cxd4 Qxb2
38. Nb3 Qc3 39. Rg3 Qc4 40. Rc2 Qb4 41. a3 Qd6 42. Nc5+ Kf5 43. Ng2 1-0

[Event "14th Chicago Open"]
[Site "Wheeling USA"]
[Date "2010.05.27"]
[Round "1"]
[White "Vibbert,Sean"]
[Black "Bercys,S"]
[Result "0-1"]
[WhiteElo "2098"]
[BlackElo "2427"]
[EventDate "2010.05.27"]

1. e4 c5 2. Nf3 e6 3. d4 cxd4 4. Nxd4 a6 5. Bd3 Bc5 6. Nb3 Ba7 7. Qe2 d6 8.
O-O Nc6 9. Kh1 Nf6 10. f4 h5 11. Be3 Bxe3 12. Qxe3 h4 13. Be2 d5 14. e5 Ne4
15. Kg1 Ne7 16. Bg4 f5 17. Bf3 g5 18. Bxe4 dxe4 19. Nc3 gxf4 20. Qxf4 Ng6
21. Qf2 Nxe5 22. Rad1 Qc7 23. h3 Bd7 24. Nc5 O-O-O 25. Rxd7 Rxd7 26. Nxd7
Nxd7 27. Rd1 Ne5 28. Ne2 Rd8 29. Rxd8+ Qxd8 30. Nf4 Qd1+ 31. Kh2 Qd6 32.
Kh1 Qd1+ 33. Kh2 Qd6 34. Kh1 Nc4 35. Qxh4 e5 36. Qh8+ Kc7 37. Qh7+ Kb6 38.
Qf7 exf4 39. Qxc4 e3 40. b4 Qd1+ 41. Kh2 Qd6 42. Kh1 f3 43. gxf3 Qd1+ 44.
Kg2 Qd2+ 45. Kh1 Qe1+ 46. Kg2 Qf2+ 47. Kh1 Qxf3+ 48. Kh2 Qf2+ 49. Kh1 e2
0-1

[Event "14th Chicago Open"]
[Site "Wheeling USA"]
[Date "2010.05.27"]
[Round "1"]
[White "Shetty,A"]
[Black "Mulyar,M"]
[Result "0-1"]
[WhiteElo "2085"]
[BlackElo "2398"]
[EventDate "2010.05.27"]

1. e4 e5 2. Nf3 Nc6 3. Bb5 a6 4. Ba4 Nf6 5. O-O Bc5 6. c3 b5 7. Bc2 d5 8.
d4 dxe4 9. Nxe5 Nxe5 10. dxe5 Qxd1 11. Bxd1 Ng4 12. Bxg4 Bxg4 13. Re1 O-O-O
14. Nd2 e3 15. fxe3 Rhe8 16. Nb3 Rxe5 17. Nxc5 Rxc5 18. e4 Rc4 19. h3 Bh5
20. e5 Rd5 21. g4 Bg6 22. Be3 Re4 23. Bd4 c5 24. Rxe4 Bxe4 25. Bf2 Rd2 26.
b4 Rd3 27. Re1 Bd5 28. Bxc5 Rxh3 29. Re3 Rh1+ 30. Kf2 Rh2+ 31. Kg3 Rg2+ 32.
Kf4 Be6 33. Rg3 g5+ 34. Kf3 Bd5+ 0-1

[Event "14th Chicago Open"]
[Site "Wheeling USA"]
[Date "2010.05.27"]
[Round "1"]
[White "Yang,Dar"]
[Black "Keating,R"]
[Result "1-0"]
[WhiteElo "2393"]
[BlackElo "2084"]
[EventDate "2010.05.27"]

1. d4 g6 2. c4 Bg7 3. Nc3 Nf6 4. e4 d6 5. f3 O-O 6. Nge2 Na6 7. Be3 c5 8.
Qd2 cxd4 9. Nxd4 Nc5 10. b4 Ne6 11. Nb3 b6 12. Rc1 Bb7 13. Be2 Qd7 14. O-O
Rfc8 15. Rfd1 Qe8 16. a4 Nd7 17. a5 Rcb8 18. Nd5 bxa5 19. Nxa5 Nf6 20. c5
dxc5 21. bxc5 Bxd5 22. exd5 Nc7 23. Bc4 Rd8 24. Nb7 Rxd5 25. Bxd5 Nfxd5 26.
c6 e6 27. Bd4 Bf8 28. Be5 Nb5 29. Bb2 Rc8 30. Qe2 Nbc7 31. g3 Na8 32. Nc5
Qxc6 33. Nxe6 Qb6+ 34. Bd4 Qxe6 35. Qxe6 fxe6 36. Rxc8 Nac7 37. Bxa7 Kf7
38. Rxc7+ Nxc7 39. Rd7+ 1-0

[Event "14th Chicago Open"]
[Site "Wheeling USA"]
[Date "2010.05.27"]
[Round "1"]
[White "Sarkar,J"]
[Black "Levi,A"]
[Result "1-0"]
[WhiteElo "2378"]
[BlackElo "2074"]
[EventDate "2010.05.27"]

1. d4 Nf6 2. c4 c5 3. d5 b5 4. cxb5 a6 5. bxa6 g6 6. Nc3 Bxa6 7. e4 Bxf1 8.
Kxf1 d6 9. g3 Bg7 10. Kg2 Nbd7 11. Nge2 O-O 12. Qc2 Qb6 13. Rb1 Ng4 14. h3
Nge5 15. b3 Qa6 16. Rd1 c4 17. b4 Nd3 18. a4 Nxc1 19. Qxc1 Ne5 20. Qd2 Nd3
21. Nc1 Rfc8 22. a5 Rab8 23. Nxd3 cxd3 24. Na4 Qc4 25. Qxd3 Qa2 26. Qb3 Qe2
27. Re1 Qb5 28. Rbc1 Bh6 29. Rxc8+ Rxc8 30. Nb6 Rc7 31. Qa4 Qd3 32. Qe8+
Kg7 33. Nd7 Rxd7 34. Qxd7 Bd2 35. Rd1 Qxe4+ 36. Kg1 Bxb4 37. Qa4 Qf3 38.
Qxb4 Qxd1+ 39. Kh2 Qxd5 40. a6 e5 41. Qb7 Qa2 42. Kg1 e4 43. a7 e3 44. fxe3
Qa1+ 45. Kf2 Qa2+ 46. Ke1 Qa5+ 47. Ke2 Qa2+ 48. Kd3 Qa3+ 49. Kc2 Qa4+ 50.
Kb2 Qd1 51. a8=Q Qe2+ 52. Ka3 Qxe3+ 53. Qb3 Qc5+ 54. Ka2 1-0

[Event "14th Chicago Open"]
[Site "Wheeling USA"]
[Date "2010.05.28"]
[Round "2"]
[White "Fridman,D2"]
[Black "Young,An"]
[Result "1-0"]
[WhiteElo "2654"]
[BlackElo "2353"]
[EventDate "2010.05.27"]

1. d4 d6 2. e4 Nf6 3. Bd3 Nc6 4. c3 e5 5. d5 Ne7 6. c4 g6 7. Nc3 Bg7 8.
Nge2 O-O 9. f3 Ne8 10. Bg5 a6 11. Qd2 Bd7 12. g4 c5 13. dxc6 bxc6 14. c5 f6
15. Bc4+ Kh8 16. Be3 f5 1-0

[Event "14th Chicago Open"]
[Site "Wheeling USA"]
[Date "2010.05.28"]
[Round "2"]
[White "Gorman,D"]
[Black "Gareev,T"]
[Result "0-1"]
[WhiteElo "2298"]
[BlackElo "2599"]
[EventDate "2010.05.27"]

1. e4 e5 2. Nf3 Nc6 3. d4 exd4 4. Nxd4 Qf6 5. Nb5 Bc5 6. Qf3 Bb6 7. Qg3
Nge7 8. Nxc7+ Bxc7 9. Qxc7 d6 10. Nc3 O-O 11. Be3 Rd8 12. Nd5 Nxd5 13. exd5
Rd7 14. Qxd7 Bxd7 15. dxc6 Qxb2 16. Rd1 Qb4+ 17. Rd2 Bxc6 18. Bd3 Re8 19.
a3 Qg4 20. Rg1 Qh4 21. Kf1 Qxh2 22. Rd1 a5 23. Be2 Re4 24. g3 d5 25. c4
Qh3+ 26. Ke1 dxc4 27. Rd8+ Re8 28. Rxe8+ Bxe8 29. Bxc4 Qc8 30. Bd3 Qc3+ 31.
Ke2 Qb2+ 32. Bd2 Bb5 33. Rc1 Bxd3+ 34. Kxd3 Qxa3+ 35. Rc3 Qd6+ 36. Kc2 Qe6
37. Re3 Qf5+ 38. Kd1 h5 39. Re8+ Kh7 40. Ra8 a4 41. Ra5 b5 0-1

[Event "14th Chicago Open"]
[Site "Wheeling USA"]
[Date "2010.05.28"]
[Round "2"]
[White "Stocek,J"]
[Black "Boor,C"]
[Result "1-0"]
[WhiteElo "2593"]
[BlackElo "2308"]
[EventDate "2010.05.27"]

1. d4 d5 2. c4 Nc6 3. cxd5 Qxd5 4. e3 e5 5. Nc3 Bb4 6. Bd2 Bxc3 7. bxc3 Nf6
8. f3 O-O 9. e4 Qd6 10. Ne2 Re8 11. Be3 exd4 12. cxd4 Nxe4 13. fxe4 Rxe4
14. Qd2 Bd7 15. Nc3 Rxe3+ 16. Qxe3 Re8 17. Ne4 Qxd4 18. Qxd4 Nxd4 19. Bd3
Bc6 20. O-O-O Bxe4 21. Rhe1 Bc6 22. Rxe8+ Bxe8 23. Be4 Ne6 24. Bxb7 Kf8 25.
Rd5 c5 26. g3 Bb5 27. Kb2 Bc4 28. Rd1 Ke7 29. Bc8 Bb5 30. Rd5 a6 31. Bxe6
fxe6 32. Rxc5 Kd6 33. Rh5 h6 34. Kc3 Bd7 35. Kd4 Be8 36. Rc5 Bb5 37. h4 g6
38. a3 Bc6 39. Re5 Bf3 40. Ra5 Be2 41. Rc5 Bg4 42. Rc2 Bf5 43. Rc4 e5+ 44.
Ke3 Bd7 45. Rb4 Bc6 46. Rb8 1-0

[Event "14th Chicago Open"]
[Site "Wheeling USA"]
[Date "2010.05.28"]
[Round "2"]
[White "Kacheishvili,G"]
[Black "Hughes,T"]
[Result "1-0"]
[WhiteElo "2587"]
[BlackElo "2296"]
[EventDate "2010.05.27"]

1. d4 Nf6 2. c4 g6 3. Nc3 Bg7 4. e4 d6 5. Be2 O-O 6. Nf3 e5 7. O-O Na6 8.
Be3 Ng4 9. Bg5 f6 10. Bc1 exd4 11. Nxd4 f5 12. h3 Nh6 13. exf5 Nxf5 14.
Nxf5 Bxf5 15. Be3 Nc5 16. Qd5+ Be6 17. Qd2 Qh4 18. Rae1 Rae8 19. b4 Ne4 20.
Nxe4 Qxe4 21. Bxa7 Bxc4 22. Bxc4+ Qxc4 23. Rc1 Qf7 24. Be3 Re4 25. Rxc7
Qxc7 26. Qd5+ Qf7 27. Qxe4 d5 28. Qh4 Ra8 29. Rc1 h5 30. Bd4 Bf8 31. Qg3
Rxa2 32. Rc8 Re2 33. Qb8 1-0

[Event "14th Chicago Open"]
[Site "Wheeling USA"]
[Date "2010.05.28"]
[Round "2"]
[White "Khachiyan,M"]
[Black "Abrahamyan,T"]
[Result "1-0"]
[WhiteElo "2539"]
[BlackElo "2290"]
[EventDate "2010.05.27"]

1. Nf3 Nf6 2. g3 g6 3. Bg2 Bg7 4. d4 O-O 5. O-O d6 6. c4 Nc6 7. d5 Na5 8.
Nfd2 c5 9. Nc3 a6 10. Qc2 Rb8 11. b3 b5 12. Bb2 e5 13. Rab1 h5 14. e4 h4
15. Qd3 hxg3 16. fxg3 Ng4 17. h3 Nf6 18. Ne2 Bh6 19. Bc3 b4 20. Bb2 Nh5 21.
g4 Qg5 22. Rbd1 Qe3+ 23. Qxe3 Bxe3+ 24. Kh2 Ng7 25. Nf3 f5 26. Nh4 fxg4 27.
Rxf8+ Kxf8 28. Rf1+ Kg8 29. Nxg6 Bd7 30. Ne7+ Kh7 31. Bc1 Bxc1 32. Nxc1 g3+
33. Kg1 Re8 34. Rf7 Nb7 35. Nf5 Bxf5 36. exf5 Nd8 37. Rd7 Kg8 38. Ne2 Nxf5
39. Be4 Nd4 40. Nxg3 Nf7 41. h4 Kg7 42. Kg2 Rd8 43. Ra7 Rh8 44. h5 Kf6 45.
Rxa6 Ke7 46. Ra7+ Kf6 47. Ra6 Ke7 48. Kh3 Ne2 49. Bg6 Nf4+ 50. Kg4 1-0

[Event "14th Chicago Open"]
[Site "Wheeling USA"]
[Date "2010.05.28"]
[Round "2"]
[White "Haskel,J"]
[Black "Finegold,B"]
[Result "1-0"]
[WhiteElo "2241"]
[BlackElo "2539"]
[EventDate "2010.05.27"]

1. d4 Nf6 2. c4 c5 3. e3 g6 4. Nc3 Bg7 5. Nge2 cxd4 6. Nxd4 O-O 7. Be2 Nc6
8. O-O d6 9. b3 Nxd4 10. exd4 d5 11. Bf4 Ne4 12. Nxe4 dxe4 13. Be3 f5 14.
f4 g5 15. g3 gxf4 16. gxf4 Rf6 17. Qd2 b6 18. Rad1 Bb7 19. d5 Qd7 20. Kh1
e6 21. dxe6 Qxe6 22. c5 Kh8 23. Bc4 Qe8 24. Rg1 Bc6 25. Rxg7 Kxg7 26. Qb2
Qe7 27. Rd6 Rd8 28. Rxc6 Rd1+ 29. Kg2 Kg6 30. Rxf6+ Qxf6 31. Qxf6+ Kxf6 32.
Be2 Rd7 33. cxb6 axb6 34. a4 Rb7 35. b4 Ke6 36. Ba6 Rb8 37. b5 Kd5 38. Kf2
Kc4 39. a5 bxa5 40. b6+ Kd5 41. Ke1 a4 42. Kd2 a3 43. Kc3 Kc6 44. b7 Kc7
45. Kb3 Rd8 46. Ba7 e3 47. Kxa3 1-0

[Event "14th Chicago Open"]
[Site "Wheeling USA"]
[Date "2010.05.28"]
[Round "2"]
[White "Mitkov,N1"]
[Black "Alvarez,Er USA"]
[Result "1-0"]
[WhiteElo "2509"]
[BlackElo "2257"]
[EventDate "2010.05.27"]

1. e4 c5 2. Nc3 Nc6 3. Bb5 Nd4 4. Ba4 g6 5. Nf3 Bg7 6. O-O e6 7. Nxd4 cxd4
8. Nb5 Qb6 9. c3 Ne7 10. Nxd4 O-O 11. Nf3 e5 12. d4 d6 13. Bb3 h6 14. dxe5
dxe5 15. Be3 Qc6 16. Nd2 b6 17. Qe2 a5 18. a4 Ba6 19. Bc4 Bb7 20. Rfd1 g5
21. f3 Ng6 22. Bd5 Qc7 23. Bxb7 Qxb7 24. Qb5 Kh7 25. Nc4 g4 26. Rd7 1-0

[Event "14th Chicago Open"]
[Site "Wheeling USA"]
[Date "2010.05.28"]
[Round "2"]
[White "Shankland,S"]
[Black "Dean,J"]
[Result "1/2-1/2"]
[WhiteElo "2507"]
[BlackElo "2235"]
[EventDate "2010.05.27"]

1. d4 d5 2. c4 e6 3. Nf3 Nf6 4. g3 dxc4 5. Bg2 Nc6 6. O-O Rb8 7. Nc3 Bb4 8.
e4 Bxc3 9. bxc3 Nxe4 10. Qc2 Nd6 11. Rb1 Ne7 12. h4 b5 13. a4 a6 14. axb5
axb5 15. Ba3 h6 16. Ne5 Bb7 17. Bxd6 cxd6 18. Rxb5 Bxg2 19. Rxb8 Qxb8 20.
Qa4+ Bc6 21. Nxc6 Nxc6 22. Qxc6+ Ke7 23. Qxc4 Rc8 24. Qd3 Qb3 25. Rc1 d5
26. Kg2 Qa3 27. Rc2 Qb3 28. Rc1 Qa3 29. Rc2 1/2-1/2

[Event "14th Chicago Open"]
[Site "Wheeling USA"]
[Date "2010.05.28"]
[Round "2"]
[White "Bercys,S"]
[Black "Cardona,Yu"]
[Result "1/2-1/2"]
[WhiteElo "2427"]
[BlackElo "2233"]
[EventDate "2010.05.27"]

1. d4 f5 2. g3 g6 3. Bg2 Nf6 4. c4 Bg7 5. Nc3 O-O 6. Nf3 d6 7. O-O Nc6 8.
d5 Ne5 9. Nxe5 dxe5 10. Qb3 h6 11. c5 Kh8 12. Rd1 g5 13. Nb5 a6 14. Na3 e4
15. Be3 Qe8 16. Bd4 Qh5 17. f3 f4 18. Bxf6 Bxf6 19. fxe4 fxg3 20. hxg3 Qxe2
21. Nc4 Bd4+ 22. Rxd4 Qf2+ 23. Kh2 Qxd4 24. Rd1 Qg7 25. e5 Bg4 26. Rd2 h5
27. Qe3 h4 28. gxh4 Rf4 29. b3 Qh6 30. e6 Qxh4+ 31. Kg1 Kg7 32. d6 Rh8 33.
Bxb7 cxd6 34. cxd6 Rhf8 35. Bg2 Rh8 36. Bb7 Rhf8 1/2-1/2

[Event "14th Chicago Open"]
[Site "Wheeling USA"]
[Date "2010.05.28"]
[Round "3"]
[White "Gareev,T"]
[Black "Almeida Saenz,A"]
[Result "1-0"]
[WhiteElo "2599"]
[BlackElo "2380"]
[EventDate "2010.05.27"]

1. d4 d5 2. c4 c6 3. Nc3 Nf6 4. Nf3 a6 5. c5 g6 6. h3 Ne4 7. Bf4 Bg7 8. e3
Nd7 9. Be2 e5 10. Bh2 exd4 11. exd4 O-O 12. O-O Re8 13. Re1 b6 14. cxb6
Qxb6 15. Na4 Qa7 16. Bf4 Bb7 17. Be3 Re6 18. Bd3 Rae8 19. Ne5 Nec5 20. Nxc5
Nxc5 21. Bc2 Ba8 22. f4 f6 23. f5 gxf5 24. Bxf5 fxe5 25. dxc5 Qf7 26. Bxe6
Rxe6 27. Rf1 Qe7 28. Qg4 Bb7 29. Bg5 Qxc5+ 30. Kh1 Qd6 31. Rf2 h6 32. Bh4
Rg6 33. Qh5 d4 34. Raf1 c5 35. Bf6 Kh7 36. Bxg7 Rg5 37. Bxe5 Rxg2 1-0

[Event "14th Chicago Open"]
[Site "Wheeling USA"]
[Date "2010.05.28"]
[Round "3"]
[White "Rodriguez,Er"]
[Black "Kacheishvili,G"]
[Result "1/2-1/2"]
[WhiteElo "2315"]
[BlackElo "2587"]
[EventDate "2010.05.27"]

1. d4 Nf6 2. c4 e6 3. g3 c5 4. Nf3 cxd4 5. Nxd4 Nc6 6. Bg2 Bc5 7. Nb3 Be7
8. Nc3 d6 9. Bf4 O-O 10. Rc1 Ng4 1/2-1/2

[Event "14th Chicago Open"]
[Site "Wheeling USA"]
[Date "2010.05.28"]
[Round "3"]
[White "Sedlak,N"]
[Black "Shankar,G"]
[Result "1-0"]
[WhiteElo "2567"]
[BlackElo "2289"]
[EventDate "2010.05.27"]

1. d4 Nf6 2. c4 e6 3. Nc3 Bb4 4. e3 O-O 5. Bd3 d5 6. Nf3 c5 7. O-O dxc4 8.
Bxc4 b6 9. Qe2 Bb7 10. Rd1 Bxc3 11. bxc3 Qc7 12. Bd3 Be4 13. c4 Nbd7 14.
Bxe4 Nxe4 15. Bb2 Rad8 16. Rac1 Rfe8 17. Ba1 cxd4 18. exd4 Nef6 19. a4 Rc8
20. h3 Qf4 21. Nd2 Qf5 22. Bc3 Rc7 23. Bb4 Rec8 24. a5 Qf4 25. Nb3 Qe4 26.
Qf1 Rc6 27. Be7 Re8 28. Ba3 Rec8 29. c5 bxc5 30. dxc5 Qa4 31. Nd4 Qxa3 32.
Nxc6 Rxc6 33. Qb5 Rc8 34. c6 Nf8 35. Qb7 Rd8 36. c7 1-0

[Event "14th Chicago Open"]
[Site "Wheeling USA"]
[Date "2010.05.28"]
[Round "3"]
[White "Theil,C"]
[Black "Khachiyan,M"]
[Result "0-1"]
[WhiteElo "2219"]
[BlackElo "2539"]
[EventDate "2010.05.27"]

1. e4 c5 2. c4 Nc6 3. Nc3 g6 4. g3 Bg7 5. Bg2 d6 6. Nge2 Nf6 7. d3 O-O 8.
O-O a6 9. f4 Rb8 10. a4 Ne8 11. Be3 Bg4 12. h3 Bxe2 13. Qxe2 Nc7 14. Qd2
Nd4 15. Bxd4 Bxd4+ 16. Kh2 b5 17. cxb5 axb5 18. Ne2 bxa4 19. Nxd4 cxd4 20.
Rxa4 Ne6 21. b4 Qd7 22. Ra5 Nd8 23. e5 Nc6 24. Bxc6 Qxc6 25. Rc1 Qf3 26.
Rc4 Rfc8 27. Rxd4 Rc1 28. Qxc1 Qf2+ 29. Kh1 Qxd4 30. Qc4 Qf2 31. exd6 exd6
32. Qc6 Qe1+ 33. Kh2 Rxb4 34. Ra2 Rb1 35. h4 Qg1+ 36. Kh3 Qf1+ 37. Kh2 Qxd3
38. Qc2 Qf1 39. Qe4 Re1 0-1

[Event "14th Chicago Open"]
[Site "Wheeling USA"]
[Date "2010.05.28"]
[Round "3"]
[White "Shabalov,A"]
[Black "Haskel,J"]
[Result "1-0"]
[WhiteElo "2585"]
[BlackElo "2241"]
[EventDate "2010.05.27"]

1. d4 d5 2. c4 dxc4 3. e4 e5 4. Nf3 exd4 5. Bxc4 Nc6 6. O-O Be6 7. Bb5 Bc5
8. b4 Bb6 9. a4 a6 10. Bxc6+ bxc6 11. Bb2 Qd6 12. a5 Ba7 13. Na3 Rd8 14.
Qa4 Ne7 15. Rfd1 Bg4 16. Nc4 Qe6 17. Nce5 Bxf3 18. Nxf3 d3 19. Bxg7 Rg8 20.
Be5 Qh3 21. Bg3 Rxg3 22. hxg3 Qxg3 23. Ra2 Rd6 24. Qb3 Rg6 25. Ne1 d2 26.
Raxd2 Bxf2+ 27. Kf1 Kf8 28. Qxg3 Bxg3 29. Rd8+ Kg7 30. Nf3 Bd6 31. Rd4 1-0

[Event "14th Chicago Open"]
[Site "Wheeling USA"]
[Date "2010.05.28"]
[Round "3"]
[White "Friedel,J"]
[Black "Chow,A"]
[Result "1-0"]
[WhiteElo "2528"]
[BlackElo "2253"]
[EventDate "2010.05.27"]

1. e4 e5 2. Nf3 Nf6 3. Nxe5 d6 4. Nf3 Nxe4 5. d4 d5 6. Bd3 Nc6 7. O-O Be7
8. Nc3 Bf5 9. Re1 Nxc3 10. bxc3 Bxd3 11. Qxd3 O-O 12. Bf4 Na5 13. Qf5 Nc4
14. Re2 c6 15. Rae1 Bd6 16. Ng5 g6 17. Qh3 h5 18. Qg3 Bxf4 19. Qxf4 Qd6 20.
Qf3 Rad8 21. h4 Rd7 22. g4 hxg4 23. Qxg4 Rfd8 24. h5 Qf6 25. Re8+ Kg7 26.
h6+ Kxh6 27. Qh4+ Kg7 28. Qh8+ 1-0

[Event "14th Chicago Open"]
[Site "Wheeling USA"]
[Date "2010.05.28"]
[Round "3"]
[White "Cardona,Yu"]
[Black "Shankland,S"]
[Result "0-1"]
[WhiteElo "2233"]
[BlackElo "2507"]
[EventDate "2010.05.27"]

1. e4 c5 2. b3 e6 3. Bb2 a6 4. g3 b5 5. Bg2 Bb7 6. Nh3 Nf6 7. Qe2 Nc6 8. c3
d5 9. e5 Nd7 10. O-O c4 11. f4 Nc5 12. f5 Qc7 13. fxe6 fxe6 14. Ba3 Nxe5
15. Kh1 Ncd3 16. Nf4 Qd7 17. Bxf8 Rxf8 18. Na3 O-O-O 19. Nc2 Nxf4 20. gxf4
Nd3 21. Qe3 Qd6 22. Nd4 Nxf4 23. Rxf4 Rxf4 24. Qxe6+ Kb8 25. Re1 Qxe6 26.
Rxe6 Rf2 27. bxc4 Rxd2 28. Bxd5 Rxd5 0-1

[Event "14th Chicago Open"]
[Site "Wheeling USA"]
[Date "2010.05.28"]
[Round "3"]
[White "Dean,J"]
[Black "Amanov,M"]
[Result "1/2-1/2"]
[WhiteElo "2235"]
[BlackElo "2479"]
[EventDate "2010.05.27"]

1. d4 d5 2. c4 c6 3. Nf3 Nf6 4. Qc2 g6 5. Bf4 Bg7 6. e3 O-O 7. Nbd2 Bf5 8.
Qb3 Qb6 9. h3 Na6 10. a3 Rfc8 11. Be2 Qxb3 12. Nxb3 Bc2 13. Na5 dxc4 14.
Nxb7 Bd3 15. b4 Nd5 16. Bxd3 cxd3 17. Be5 f6 18. Bg3 e5 19. dxe5 c5 20. b5
Nac7 21. Nxc5 fxe5 22. Bxe5 d2+ 23. Kxd2 Nxb5 24. Bxg7 Kxg7 25. Ne6+ Kf6
26. Ned4 Nbc3 27. Kd3 Na4 28. Rhc1 Ndc3 29. Rc2 Rab8 30. Kd2 Ne4+ 31. Ke1
Rxc2 32. Nxc2 Nac5 33. Kf1 Rb2 34. Nfd4 a5 35. Kg1 a4 36. f3 Nd2 37. Rd1
Nc4 38. e4 Ke5 39. Kh2 Nb3 40. Nc6+ Kf6 41. N6b4 Nbd2 42. h4 Rb3 43. Re1
Ne5 44. Kg3 Ndc4 45. Kf4 h6 46. Nd5+ Kf7 47. Ndb4 Kf6 48. Nd5+ Kf7 49. Ndb4
1/2-1/2

[Event "14th Chicago Open"]
[Site "Wheeling USA"]
[Date "2010.05.28"]
[Round "3"]
[White "Adu,O"]
[Black "Cao,K"]
[Result "0-1"]
[WhiteElo "2231"]
[BlackElo "1998"]
[EventDate "2010.05.27"]

1. Nf3 d5 2. d4 Nf6 3. Bg5 Nbd7 4. e3 e6 5. Bd3 Be7 6. O-O O-O 7. Nbd2 c5
8. c3 Re8 9. Qc2 b6 10. Bb5 Bb7 11. Ne5 Rf8 12. f4 Nxe5 13. fxe5 Ng4 14.
Bxe7 Qxe7 15. Rae1 f5 16. exf6 Rxf6 17. Nf3 Raf8 18. h3 Nh6 19. Bd3 Nf5 20.
Ne5 c4 21. Bxf5 Rxf5 22. Qe2 Qg5 23. Rf3 Rxf3 24. Nxf3 Qg3 25. Ne5 Qg5 26.
Kh2 h6 27. g4 Bc8 28. Kg3 Qf6 29. Kg2 Qg5 30. Rf1 Rxf1 31. Kxf1 Qe7 32. Kg2
Bd7 33. Kg3 Be8 34. h4 b5 35. a3 a5 36. Qf3 b4 37. axb4 axb4 38. e4 bxc3
39. bxc3 Qd8 40. Qe3 Qb8 41. h5 Qa8 42. Kh4 Qd8+ 43. g5 dxe4 44. Kg4 hxg5
45. Qxg5 Qxg5+ 46. Kxg5 e3 47. Nf3 Kh7 48. Ng1 Ba4 49. h6 gxh6+ 50. Kf4 Bd1
51. Kxe3 Bg4 52. Kf4 h5 53. Ke5 Kg6 54. d5 exd5 55. Kxd5 Kf5 56. Kxc4 Ke4
0-1

[Event "14th Chicago Open"]
[Site "Wheeling USA"]
[Date "2010.05.28"]
[Round "3"]
[White "Yang,Dar"]
[Black "Stocek,J"]
[Result "0-1"]
[WhiteElo "2393"]
[BlackElo "2593"]
[EventDate "2010.05.27"]

1. d4 Nf6 2. c4 e6 3. Nc3 Bb4 4. e3 b6 5. Bd3 Bb7 6. Nf3 O-O 7. O-O Re8 8.
Qb3 c5 9. dxc5 Bxc5 10. e4 Nc6 11. Bg5 h6 12. Bh4 Be7 13. e5 Nh5 14. Bxe7
Qxe7 15. Qd1 Rad8 16. Nb5 Rf8 17. Qd2 f5 18. Be2 g5 19. Nd6 Ba8 20. g3 Qg7
21. Nxg5 Nxg3 22. hxg3 hxg5 23. f4 gxf4 24. Qxf4 Qxe5 25. Bf3 Qxb2 26. Rad1
Qe5 27. Bxc6 Qxf4 28. Rxf4 dxc6 29. c5 bxc5 30. g4 Rf6 31. Ra4 e5 32. Rxa7
fxg4 33. Kg2 Rfxd6 34. Rxd6 Rxd6 35. Rxa8+ Kf7 36. Kg3 Ke6 37. Kxg4 c4 38.
Kf3 c3 39. Ra3 c2 40. Rc3 Rd3+ 0-1

[Event "14th Chicago Open"]
[Site "Wheeling USA"]
[Date "2010.05.29"]
[Round "4"]
[White "Stocek,J"]
[Black "Najer,E"]
[Result "0-1"]
[WhiteElo "2593"]
[BlackElo "2663"]
[EventDate "2010.05.27"]

1. d4 d5 2. c4 c6 3. Nf3 Nf6 4. Nc3 e6 5. Bg5 h6 6. Bh4 dxc4 7. e4 g5 8.
Bg3 b5 9. e5 Nd5 10. Nd2 Bb7 11. Be2 Nd7 12. O-O Qb6 13. a4 a6 14. Nde4
O-O-O 15. Qd2 c5 16. axb5 axb5 17. Nxd5 Bxd5 18. Nc3 Bb7 19. d5 Bg7 20. b3
Bxe5 21. bxc4 b4 22. Bxe5 Nxe5 23. Qe3 Nd7 24. Nb5 exd5 25. cxd5 Rhe8 26.
Qg3 Ne5 27. Na7+ Kc7 28. Rfd1 f5 29. h3 Rxd5 30. Re1 Kb8 31. Qb3 Rd2 32.
Bc4 f4 33. Nb5 Rdd8 34. Bf1 Bd5 35. Qb2 Nc4 36. Bxc4 Bxc4 37. Na3 Ba6 38.
Nc2 Bb7 39. Rxe8 Rxe8 40. Ne1 c4 41. Nf3 c3 42. Qb3 Qc5 43. Qc2 Rd8 44. Kh1
h5 0-1

[Event "14th Chicago Open"]
[Site "Wheeling USA"]
[Date "2010.05.29"]
[Round "4"]
[White "Khachiyan,M"]
[Black "Gareev,T"]
[Result "1/2-1/2"]
[WhiteElo "2539"]
[BlackElo "2599"]
[EventDate "2010.05.27"]

1. e4 e5 2. Nf3 Nc6 3. Bc4 Bc5 4. c3 Nf6 5. d4 exd4 6. cxd4 Bb4+ 7. Bd2
Bxd2+ 8. Nbxd2 d5 9. exd5 Nxd5 10. Qb3 Nce7 11. O-O O-O 12. Rfe1 c6 13. h3
Nb6 14. Bd3 Bf5 15. Ne4 Ned5 16. Rad1 Qc7 17. Nh4 Bxe4 18. Bxe4 Rae8 19.
Nf3 Re7 20. Bc2 Rfe8 21. Qd3 g6 22. Bb3 Nf4 23. Qd2 Nfd5 24. g3 Kg7 25. Kg2
Qd6 26. a3 Nd7 27. Rxe7 Rxe7 1/2-1/2

[Event "14th Chicago Open"]
[Site "Wheeling USA"]
[Date "2010.05.29"]
[Round "4"]
[White "Aung Thant Zin"]
[Black "Van Wely,L"]
[Result "0-1"]
[WhiteElo "2326"]
[BlackElo "2653"]
[EventDate "2010.05.27"]

1. e4 c5 2. Nf3 e6 3. b3 Nc6 4. Bb2 a6 5. Be2 d6 6. O-O Nf6 7. Nc3 Qb6 8.
Re1 Be7 9. Bf1 Qc7 10. d4 cxd4 11. Nxd4 O-O 12. g3 b5 13. Nxc6 Qxc6 14. Bg2
Bb7 15. a3 Bd8 16. Ne2 e5 17. Nc3 Bb6 18. Qe2 Rac8 19. Rac1 Ba5 20. b4 Bb6
21. Red1 Qd7 22. Rd3 Rc4 23. Rcd1 Bd4 24. R1d2 Bxc3 25. Bxc3 Nxe4 26. Bxe4
Rxe4 27. Qd1 Qc7 28. Bb2 d5 29. Re2 Rxe2 30. Qxe2 f6 31. Rc3 Qd7 32. Rc5 d4
33. Qd3 Qg4 34. f4 exf4 35. Rc7 Ba8 36. Qb3+ Kh8 37. Qd3 Re8 0-1

[Event "14th Chicago Open"]
[Site "Wheeling USA"]
[Date "2010.05.29"]
[Round "4"]
[White "Shabalov,A"]
[Black "Kekelidze,M"]
[Result "0-1"]
[WhiteElo "2585"]
[BlackElo "2436"]
[EventDate "2010.05.27"]

1. e4 c5 2. Nf3 e6 3. d4 cxd4 4. Nxd4 a6 5. Bd3 Nc6 6. Nxc6 dxc6 7. O-O e5
8. Nd2 Ne7 9. Nc4 Ng6 10. Qh5 Bc5 11. Bd2 Qe7 12. a4 O-O 13. g3 Be6 14. Ne3
Rfd8 15. Rad1 f6 16. Qe2 b5 17. axb5 axb5 18. h4 Qf7 19. Kh2 Ne7 20. Ng2
Qg6 21. Be3 Bd4 22. c3 Bxe3 23. Qxe3 Qf7 24. Qc5 Bb3 25. Ra1 Qe6 26. Rxa8
Rxa8 27. Be2 Rd8 28. Qb4 Rd2 29. Bg4 Qxg4 30. Qxb3+ Kf8 31. Ra1 Rxf2 32.
Ra8+ Nc8 33. Kg1 Rd2 34. c4 Qe2 35. Rxc8+ Ke7 36. Qa3+ Kd7 37. Qa7+ Kxc8
38. Qa8+ Kd7 39. Qb7+ Kd6 40. Qb8+ Kc5 41. Qa7+ Kxc4 0-1

[Event "14th Chicago Open"]
[Site "Wheeling USA"]
[Date "2010.05.29"]
[Round "4"]
[White "Kacheishvili,G"]
[Black "Fernandez,Dani"]
[Result "1-0"]
[WhiteElo "2587"]
[BlackElo "2425"]
[EventDate "2010.05.27"]

1. d4 d5 2. Nf3 Nf6 3. c4 c6 4. Nc3 dxc4 5. a4 Bf5 6. Ne5 Nbd7 7. Nxc4 Nb6
8. Ne5 a5 9. g3 g6 10. Bg2 Bg7 11. O-O O-O 12. e4 Be6 13. h3 Nc4 14. Nf3
Qb6 15. Qc2 Nd7 16. Rd1 Rac8 17. Ne2 Nd6 18. Ra3 f6 19. Nf4 Bf7 20. h4 c5
21. d5 f5 22. Ng5 fxe4 23. h5 Ne5 24. hxg6 Bxg6 25. Nxg6 hxg6 26. Bh3 Rf5
27. Nxe4 Nf3+ 28. Rxf3 Rxf3 29. Be6+ Kf8 30. Nxd6 Qxd6 31. Kg2 1-0

[Event "14th Chicago Open"]
[Site "Wheeling USA"]
[Date "2010.05.29"]
[Round "4"]
[White "Bercys,S"]
[Black "Friedel,J"]
[Result "1/2-1/2"]
[WhiteElo "2427"]
[BlackElo "2528"]
[EventDate "2010.05.27"]

1. e4 e5 2. Nf3 Nc6 3. Bb5 a6 4. Ba4 Nf6 5. O-O Be7 6. Re1 b5 7. Bb3 d6 8.
c3 O-O 9. h3 Na5 10. Bc2 c5 11. d4 Nd7 12. Nbd2 cxd4 13. cxd4 Nc6 14. Nf1
exd4 15. Nxd4 Nxd4 16. Qxd4 Ne5 17. Qd1 Bf6 18. Ne3 Be6 19. a4 Qc7 20. Bb3
Nc4 21. axb5 axb5 22. Rxa8 Rxa8 23. Nd5 Bxd5 24. Qxd5 Rb8 25. Bf4 1/2-1/2